01015 a2200157 45000010006000000050017000060080041000230030015000640400040000790800039001192450030001582640035001883000019002235050588002421000027008301549220260407155450.0260407a1978 arg spa dAR-UNSa-BCEJYS aAR-UNSa-BCEJYSbspacAR-UNSa-BCEJYS a657.6xAuditoria (control interno)10aManual de control interno 1aBuenos Aires :bCangalloc1978 a240 p.c22 cm. aI. Teoría general del sistema de control interno: 1. El control interno de la empresa - 2. Objetivos del control interno - 3. Elementos y finalidades del sistema de control interno - 4. El sistema de control interno y la auditoría - 5. Técnicas del relevamiento del sistema de control interno - 6. Aspectos prácticos del control interno -- II. Graficación del sistema de control interno: 1. Esquemas de organización - 2. Procedimientos, sistemas o flujos de información -- III. Evaluación del control interno: 1. Cuestionarios para la evaluación del control interno1 aRusenas, Rubén Oscar